00552nam a2200193Ia 450000500170000000800410001702000180005808200190007610000180009524500330011326000480014630000170019465000110021165000100022265000100023294200060024295200950024899900150034320250220025303.0240331s9999 xx 000 0 und d a9789556593167 bKAD26720a950 aKadirgamar, S 0aYālpāna Ilainr Congress  aColombo;aChennaibKumaran Book Housec2012 axxi, 161 p., aJaffna aCaste aYouth cL 001040708LaWERCLbWERCLcSSCd2024-03-31l0o 950 KADp6720r2024-03-31w2024-03-31yL c5738d5738